LEADER 00934nam a2200253 a 4500 001 000000154334 003 CaOOAMICUS 005 20160927143233.0 008 160927s1945 it u000 u ita u 032 $aLibriCat 040 $aPUL$bita 100 1 $aCicu, Antonio,$d1879-1962.$0(OLS)http://pul/name/2813 245 13$aLe successioni :$bparte generale /$cAntonio Cicu. 250 $aTerza edizione riveduta. 260 $aMilano :$bGiuffrè,$c1945. 300 $a279 p. ;$c25 cm. 500 $aTesto dattiloscritto. 650 4$aSuccessione (diritto).$0(OLS)http://pul/subject/1242 850 $aPUL 852 $aPUL$W1$xDP1 Fondo G. Barberini$y122$m4 F 62$j177396$qFondi$B180367$CPULBib$Z2$F180367 $HBar1382 $81 941 1 $a1 996 $6245$aLe successioni :$bparte generale$9(OLS)http://pul/title/55330 996 $6260$aMilano :$bGiuffrè$9(OLS)http://pul/publisher/48401 LEADER 01298nam a2200325 u 4500 001 000000047962 003 CaOOAMICUS 005 20070226114937.0 008 000317s2000 it u000 u ita u 020 $a880205567X 035 $a10843809 040 $aPUL$bita 245 03$aLe successioni.$nI,$pDisposizioni generali. 246 30$aDisposizioni generali 260 $aTorino :$bUTET,$c2000. 300 $axvi, 317 p. ;$c24 cm 490 1 $aIl diritto privato nella giurisprudenza 500 $aContiene indici. 504 $a"Indice bibliografico": pp. 311-314. 650 4$aSuccessione (diritto).$0(OLS)http://pul/subject/1242 650 4$aFamiglia (diritto).$0(OLS)http://pul/subject/1842 830 3$aIl diritto privato nella giurisprudenza.$0(OLS)http://pul/title/64504 850 $aPUL 852 $aPUL$W1$xDP2 Diritto e Scienze Sociali 1$y65$m174 G 41$j64001$nBK-PRI$b $qStampati$B64001$CPULBib$Z2$F64001 $H81324 $82 941 1 $a8 961 $aINV: 81324 996 $6020$a880205567X$9(OLS)http://pul/number/60108 996 $6245$aLe successioni.$nI,$pDisposizioni generali$9(OLS)http://pul/title/64567 996 $6246$aDisposizioni generali$9(OLS)http://pul/title/64568 996 $6260$aTorino :$bUTET$9(OLS)http://pul/publisher/48088